La Lozère en images - Statistiques

Statistiques générales
  • Ce quiz a été pris 90 fois
  • Le résultat moyen est 8 sur 18
Statistiques - réponses
Par images Hint Réponse % Correct
Spécialité Aligot
89%
Créature légendaire Bête du Gévaudan
89%
Ville Mende
86%
Journal La Lozère {Nouvelle}
73%
Parc naturel régional Parc naturel régional de l'{Aubrac}
59%
Chaîne de montagnes Cévennes
54%
Ville Florac Trois Rivières
49%
Ville Marvejols
49%
Site naturel Sources du {Tarn}
46%
Course motocycliste Trèfle Lozérien
43%
Film Antoinette dans les Cévennes
36%
Humoriste Claudia Tagbo
34%
Fromage Pélardon
28%
Film Scout toujours...
28%
Train Le Cévenol
16%
Pont Viaduc de la {Crueize}
4%
Famille Say
3%
Président du Conseil Odilon Barrot
1%
Aucun quiz correspondant
Distribution des résultats
% des personnes avec chaque résultat
Percentile par nombre de réponses
Votre historique - résultats
Vous n’avez pas pris ce quiz